| 000 | 00669nam a2200229 a 4500 | ||
|---|---|---|---|
| 005 | 20210219153319.0 | ||
| 008 | 991125n 000 0 eng u | ||
| 035 | _aUPN01000090901 | ||
| 100 | _aMelot, Anne-Marie | ||
| 222 | _aEUROPEAN JOURNAL OF PSYCHOLOGY OF EDUCATION | ||
| 245 | _aOrganization of metacognitive knowledge : a condition for strategy use in memorization | ||
| 300 | _a23-38 | ||
| 362 | _a1992 7, no. 1 | ||
| 653 | 0 | _aCLASIFICACION | |
| 653 | 0 | _aESTILO COGNOSCITIVO | |
| 653 | 0 | _aESTRATEGIAS DE APRENDIZAJE | |
| 653 | 0 | _aMEMORIZACION | |
| 653 | 0 | _aMETACOGNICION | |
| 700 | _aCorroyer, Denis | ||
| 904 |
_aAC _b028712 |
||
| 905 | _aArticulo | ||
| 999 |
_c73821 _d73821 |
||